000 00310nam a22001337a 4500
008 170508b xxu||||| |||| 00| 0 eng d
020 _a9781422499405
041 _aeng
080 _22ND
_a342
100 _a15
101 _aSHJ
245 _aFOUNDATIONS OF ADMINISTRATIVE LAW
_cSCHUCK, P.H
942 _2udc
_cBK
999 _c13004
_d13004